Gems : (Record no. 12349)
[ view plain ]
| 000 -LEADER | |
|---|---|
| fixed length control field | 00466nam a2200181 4500 |
| 003 - CONTROL NUMBER IDENTIFIER | |
| control field | URS |
| 005 - DATE AND TIME OF LATEST TRANSACTION | |
| control field | 20220114162424.0 |
| 008 - FIXED-LENGTH DATA ELEMENTS--GENERAL INFORMATION | |
| fixed length control field | 020101b xxu||||| |||| 00| 0 eng d |
| 020 ## - INTERNATIONAL STANDARD BOOK NUMBER | |
| International Standard Book Number | 9789719905905 |
| 040 ## - CATALOGING SOURCE | |
| Transcribing agency | ddl |
| 041 0# - LANGUAGE CODE | |
| Language code of text/sound track or separate title | eng |
| 042 ## - AUTHENTICATION CODE | |
| Authentication code | DMLUC |
| 050 00 - LIBRARY OF CONGRESS CALL NUMBER | |
| Classification number | PS 9992 |
| Item number | P47 2015 |
| 100 1# - MAIN ENTRY--PERSONAL NAME | |
| Personal name | Perez, Rodolfo C., |
| Relator term | author. |
| 245 10 - TITLE STATEMENT | |
| Title | Gems : |
| Remainder of title | readings in Philippine literature / |
| Statement of responsibility, etc. | Rodolfo C. Perez. |
| 300 ## - PHYSICAL DESCRIPTION | |
| Extent | xii, 226 pages ; |
| Dimensions | 25 cm |
| 942 ## - ADDED ENTRY ELEMENTS (KOHA) | |
| Source of classification or shelving scheme | Dewey Decimal Classification |
| Koha item type | Filipiniana |
| Withdrawn status | Source of classification or shelving scheme | Damaged status | Not for loan | Collection code | Home library | Current library | Shelving location | Date acquired | Source of acquisition | Total Checkouts | Barcode | Date last seen | Price effective from | Koha item type |
|---|---|---|---|---|---|---|---|---|---|---|---|---|---|---|
| Dewey Decimal Classification | Fiction | Angono College Library | Angono College Library | On Display | 01/01/2002 | donation | URSANG-4689 | 01/01/2002 | 01/01/2002 | Filipiniana | ||||
| Dewey Decimal Classification | Fiction | Angono College Library | Angono College Library | On Display | 01/01/2002 | donation | URSANG-4688 | 01/01/2002 | 01/01/2002 | Filipiniana |